កុំមាត់ (1) / (Record no. 10155)

MARC details
000 -LEADER
fixed length control field 01628nam a22002417a 4500
001 - CONTROL NUMBER
control field 10155
003 - CONTROL NUMBER IDENTIFIER
control field FISKH
005 - DATE AND TIME OF LATEST TRANSACTION
control field 20260428124136.0
008 - FIXED-LENGTH DATA ELEMENTS--GENERAL INFORMATION
fixed length control field 260428b cb ||||| |||| 00| 0 eng d
020 ## - INTERNATIONAL STANDARD BOOK NUMBER
International Standard Book Number 9789924342052
040 ## - CATALOGING SOURCE
Original cataloging agency FISKH
Language of cataloging khr
Transcribing agency FISKH
Modifying agency FISKH
082 ## - DEWEY DECIMAL CLASSIFICATION NUMBER
Classification number 741.5
100 ## - MAIN ENTRY--PERSONAL NAME
Personal name Vorniere , Yoann
245 ## - TITLE STATEMENT
Title កុំមាត់ (1) /
Statement of responsibility, etc. By Yoann Vorniere
260 ## - PUBLICATION, DISTRIBUTION, ETC.
Place of publication, distribution, etc. Phnom Penh :
Name of publisher, distributor, etc. Sipar ,
Date of publication, distribution, etc. 2024 .
300 ## - PHYSICAL DESCRIPTION
Extent 202 unnumbered pages :
Other physical details illustrations ;
Dimensions 18 cm .
490 ## - SERIES STATEMENT
Series statement Khmer Manga
Volume/sequential designation 1
520 ## - SUMMARY, ETC.
Summary, etc. ចាប់តាំងពីព្រះអាទិត្យបានបាត់ខ្លួនក្រោយពពកអាថ៌កំបាំង ពិភពលោកបានធ្លាក់ទៅក្នុងភាពងងឹតជារៀងរហូត។ មនុស្សទាំងអស់ត្រូវលាក់ខ្លួន ខណៈនៅខាងក្រៅមានសត្វចម្លែកកំពុងរង់ចាំស៊ីពួកគេ។ ឱកាសតែមួយគត់ដើម្បីរស់រានមានជីវិតគឺ៖ លាក់ខ្លួន រក្សាភាពស្ងៀមស្ងាត់… និងនៅស្ងៀម។
520 ## - SUMMARY, ETC.
Summary, etc. Since the sun disappears behind mysterious clouds, the world has been plunged into permanent darkness. All human has to hide while outside there are monsters waiting to eat them. The only chance to survive: hide, stay still… and silence.
650 ## - SUBJECT ADDED ENTRY--TOPICAL TERM
Topical term or geographic name entry element កុំមាត់
Form subdivision រឿងគំនូរ
650 ## - SUBJECT ADDED ENTRY--TOPICAL TERM
Topical term or geographic name entry element Silence
Form subdivision Manga
942 ## - ADDED ENTRY ELEMENTS (KOHA)
Source of classification or shelving scheme Dewey Decimal Classification
Koha item type Khmer Books
Suppress in OPAC No
Holdings
Withdrawn status Lost status Source of classification or shelving scheme Damaged status Not for loan Collection Home library Current library Shelving location Date acquired Total Checkouts Full call number Barcode Date last seen Price effective from Koha item type
    Dewey Decimal Classification     Khmer Language Books / សៀវភៅភាសាខ្មែរ Footprints International School Library Network Toul Tom Poung Campus Footprints International School Library Network Toul Tom Poung Campus TTP Secondary Khmer Bookshelves 04/28/2026   VOR 741.5 2026-0550 04/28/2026 04/28/2026 Khmer Books